书目信息 |
| 题名: |
动力路线
|
|
| 作者: | 胡晓波 , 尹思婧 , 秦樱芷 编著 | |
| 分册: | ||
| 出版信息: | 上海 上海文化出版社 2004.09 |
|
| 页数: | 185页 | |
| 开本: | 17×18cm | |
| 丛书名: | ||
| 单 册: | ||
| 中图分类: | G872.1 | |
| 科图分类: | ||
| 主题词: | 汽车运动--赛车--概况--世界 | |
| 电子资源: | ||
| ISBN: | 7-80646-669-X | |
| 000 | 00860nam0 2200253 450 | |
| 001 | 0162586188 | |
| 005 | 20050531085226.58 | |
| 010 | @a7-80646-669-X@dCNY 25.00 | |
| 100 | @a20050429d2004 km y0chiy0120 ea | |
| 101 | 0 | @achi |
| 102 | @aCN@b310000 | |
| 105 | @aac z 000yy | |
| 200 | 1 | @a动力路线@Adong li lu xian@e不可不知的F1@f秦樱芷, 胡晓波, 尹思婧编著@Fqin ying zhi,hu xiao bo,yin si jing bian zhu |
| 210 | @a上海@c上海文化出版社@d2004.09 | |
| 215 | @a185页@c图 (部分彩图), 肖像@d17×18cm | |
| 330 | @a本书介绍F1的有关知识,车手、车队、车道及相关规则。 | |
| 517 | 1 | @a不可不知的F1@Abu ke bu zhi de F1 |
| 606 | 0 | @a汽车运动@x赛车@x概况@y世界 |
| 690 | @aG872.1@v4 | |
| 701 | 0 | @a胡晓波@Ahu xiao bo@4编著 |
| 701 | 0 | @a尹思婧@Ayin si jing@4编著 |
| 701 | 0 | @a秦樱芷@Aqin ying zhi@4编著 |
| 801 | 0 | @aCN@bQSSK@c20050531 |
| 905 | @a10447@dG872.1@eH510 | |
| 动力路线:不可不知的F1/秦樱芷, 胡晓波, 尹思婧编著.-上海:上海文化出版社,2004.09 |
| 185页:图 (部分彩图), 肖像;17×18cm |
| ISBN 7-80646-669-X:CNY 25.00 |
| 本书介绍F1的有关知识,车手、车队、车道及相关规则。 |
| ● |
| 相关链接 |
|
|
|
正题名:动力路线
索取号:G872.1/H510
 
预约/预借
| 序号 | 登录号 | 条形码 | 馆藏地/架位号 | 状态 | 备注 |
| 1 | 499418 | 204994186 | 社科库409/409社科库 26排4列4层/ [索取号:G872.1/H510] | 在馆 | |
| 2 | 499419 | 204994195 | 社科库409/409社科库 26排4列4层/ [索取号:G872.1/H510] | 在馆 | |
| 3 | 499420 | 204994202 | 社科库409/409社科库 26排4列4层/ [索取号:G872.1/H510] | 在馆 |